| 000 | 00582nam a2200193Ia 4500 | ||
|---|---|---|---|
| 003 | OSt | ||
| 005 | 20250912145812.0 | ||
| 008 | 220926b |||||||| |||| 00| 0 eng d | ||
| 037 | _cReference Collections | ||
| 040 |
_aRTL _cRTL _beng |
||
| 041 |
_2eng _aeng |
||
| 084 |
_aR H4/SC _qRTL |
||
| 100 |
_aSinclair W. A. _9371083 |
||
| 245 | 0 | _aIntroduction to philosophy | |
| 260 |
_aLondon _bOxford University Press _c1944 |
||
| 300 |
_a151 p. _bincludes bibliographical references and index |
||
| 942 |
_hR H4/SC _cREF _2CC _n0 |
||
| 999 |
_c691324 _d691324 |
||